List all the countries the Eras Tour has visited - Statistics

General Stats
  • This quiz has been taken 79 times
  • The average score is 19 of 22
Answer Stats
Hint Answer % Correct
March 17th - August 9th, October 18th - November 3rd United States of America
100%
November 14th - December 8th Canada
97%
May 9th - May 12th, June 2nd - June 3rd France
96%
November 17th - November 26th Brazil
93%
August 24th - August 27th Mexico
93%
February 16th - February 26th Australia
92%
July 17th - July 28th Germany
92%
February 7th -February 10th Japan
92%
May 29th - May 30th Spain
92%
June 28th - June 30th Ireland
90%
July 13th - July 14th Italy
90%
November 9th - November 12th Argentina
89%
May 17th - May 19th Sweden
89%
May 24th - May 25th Portugal
86%
August 1st - August 3rd Poland
85%
August 8th - August 10th Austria
80%
March 2nd - March 9th Singapore
80%
June 13th - June 15th, June 21st - June 23rd, August 15th - August 20th England
79%
July 9th - July 10th Switzerland
79%
July 4th - July 6th Netherlands
76%
June 7th - June 9th Scotland
63%
June 18th Wales
62%
No matching quizzes found
Score Distribution
Percent of People with Each Score
Percentile by Number Answered
Your Score History
You have not taken this quiz